Bahías de Huatulco Int. Airport Destinations (Huatulco, Mexico) - Statistics

General Stats
  • This quiz has been taken 37 times
    21 since last reset
  • The average score is 9 of 13
Answer Stats
Airline Destination % Correct
Aeroméxico/Aeroméxico Connect/Magni/Viva/Volaris Mexico City
100%
Viva Monterrey
100%
American Eagle Dallas/Fort Worth
87%
Volaris Guadalajara
87%
Air Canada/WestJet Toronto (Pearson)
80%
Air Canada/WestJet Vancouver
80%
TAG Airlines Guatemala City
67%
Volaris Tijuana
67%
WestJet Calgary
60%
WestJet Edmonton
53%
Aerotucán/Aerovega Oaxaca
53%
WestJet Winnipeg
47%
Viva/Volaris Mexico City (AIFA)
40%
No matching quizzes found
Score Distribution
Percent of People with Each Score
Percentile by Number Answered
Your Score History
You have not taken this quiz since the last reset